| 000 | 01041nam0a22002651 4500 | ||
|---|---|---|---|
| 001 | rc\895116 | ||
| 005 | 20250622033341.0 | ||
| 035 | _a(NLR Aleph) 006071359 | ||
| 090 |
_a5005453 _c5005453 |
||
| 100 | _a20041129d1984 |||y0rusy50 ca | ||
| 101 | 0 | _arus | |
| 102 | _aRU | ||
| 105 | _ay ||||||||| | ||
| 200 | 1 | _aХарактеристические свойства изогеометрических сплайн-аппроксимаций | |
| 210 |
_aНовосибирск _cВЦ СО АН СССР _d1984 |
||
| 215 |
_a30 с. _d20 |
||
| 225 | 1 |
_aПрепринт _fСеминар "Методы вычисл. и прикл. математики" под руководством акад. Г.И. Марчука _v110 |
|
| 300 | _aВ надзаг.: АН СССР. Сиб. отд-ние. ВЦ | ||
| 320 | _aБиблиогр.: с. 29-30 | ||
| 700 | 1 |
_aКовалков _bА.В. _gАлександр Викторович |
|
| 801 | 0 |
_aRU _bNLR _gpsbo |
|
| 801 | 1 |
_aRU _bELAR _2rusmarc |
|
| 852 |
_aNLR _j74-4/9957-110 |
||
| 942 | _cBOOK | ||
| 980 | _aNB | ||